| 000 | 00599nam a2200229 a 4500 | ||
|---|---|---|---|
| 999 |
_c1915 _d1915 |
||
| 001 | 1915 | ||
| 003 | BD-JhCC | ||
| 005 | 20171028164201.0 | ||
| 008 | 171026s2004 bg |||| ||a| 000 0 eng d | ||
| 020 | _a984860200 | ||
| 035 | _a(BD-JhCC)1915 | ||
| 040 |
_aBD-JhCC _dBD-JhCC |
||
| 041 | _aeng | ||
| 082 |
_a821.7 _bRAB 2004 |
||
| 100 | _aRabbani, Golam | ||
| 245 |
_aG.R. Studies on John Keats / _cGolam Rabbani |
||
| 260 |
_aDhaka : _bBookman Printers and Punlishers, _c2004. |
||
| 300 |
_a430p. : _c22 cm. |
||
| 600 |
_aKeats, John, 1795-1821 _d1795-1821 |
||
| 942 |
_2ddc _cBK |
||